000 00632nam a2200193Ia 4500
008 140626s9999 xx 000 0 und d
100 _aRoy, Ashwin.
245 _aImproving recording capacity to consent and explanation of medication side effects in a psychiatric service for people with learning disability :
_b audit findings /
_cAshwin Roy ... [et al.].
260 _cc2011.
300 _a15 : 2, page 85
440 _aJournal of Intellectual Disabilities
521 _aSPED
650 _aCapacity.
650 _aConsent.
650 _aRecording.
650 _aRubber stamp.
650 _aSide effects.
942 _cSE
999 _c120963
_d120963